¡Cocinando! Fifty Years of Latin Album Cover Art /

MAMBO MANIA. . . . . . . . . . . . . . . . . . . . . . 14 CUBOP. . . . . . . . . . . . . . . . . . . . . . . . . . . . 42 60 ORIZA. . . . . . . . . . . . . . . . . . . . . . . . . . . . 82 VIVA SOUL . . . . . . . . . . . . . . . . . . . . . . . . . ÉCHALE SALSITA . . . . . . . . . . . . . . . . . ....

Πλήρης περιγραφή

Λεπτομέρειες βιβλιογραφικής εγγραφής
Κύριος συγγραφέας: Yglesias, Pablo Ellicott (Συγγραφέας)
Συγγραφή απο Οργανισμό/Αρχή: SpringerLink (Online service)
Μορφή: Ηλεκτρονική πηγή Ηλ. βιβλίο
Γλώσσα:English
Έκδοση: New York, NY : Princeton Archit.Press, 2005.
Θέματα:
Διαθέσιμο Online:Full Text via HEAL-Link
LEADER 03349nam a22004215i 4500
001 978-1-56898-634-0
003 DE-He213
005 20151125141739.0
007 cr nn 008mamaa
008 100301s2005 xxu| s |||| 0|eng d
020 |a 9781568986340  |9 978-1-56898-634-0 
024 7 |a 10.1007/1-56898-634-3  |2 doi 
040 |d GrThAP 
050 4 |a NC845-915 
072 7 |a AKC  |2 bicssc 
072 7 |a ARC004000  |2 bisacsh 
072 7 |a COM012000  |2 bisacsh 
082 0 4 |a 741.6  |2 23 
100 1 |a Yglesias, Pablo Ellicott.  |e author. 
245 1 0 |a ¡Cocinando!  |h [electronic resource] :  |b Fifty Years of Latin Album Cover Art /  |c by Pablo Ellicott Yglesias. 
264 1 |a New York, NY :  |b Princeton Archit.Press,  |c 2005. 
300 |a 208 p. 191 illus., 175 illus. in color.  |b online resource. 
336 |a text  |b txt  |2 rdacontent 
337 |a computer  |b c  |2 rdamedia 
338 |a online resource  |b cr  |2 rdacarrier 
347 |a text file  |b PDF  |2 rda 
505 0 |a Mambo Mania -- Cubop -- Oriza -- Viva Soul -- Échale Salsita -- Oye Como Va -- Oh, Meu Brasil -- Barrio Nuevo. 
520 |a MAMBO MANIA. . . . . . . . . . . . . . . . . . . . . . 14 CUBOP. . . . . . . . . . . . . . . . . . . . . . . . . . . . 42 60 ORIZA. . . . . . . . . . . . . . . . . . . . . . . . . . . . 82 VIVA SOUL . . . . . . . . . . . . . . . . . . . . . . . . . ÉCHALE SALSITA . . . . . . . . . . . . . . . . . . . . 112 Contents OYE COMO VA. . . . . . . . . . . . . . . . . . . . . . . 150 OH, MEU BRASIL. . . . . . . . . . . . . . . . . . . . 170 BARRIO NUEVO. . . . . . . . . . . . . . . . . . . . . 200 DISCOGRAPHY. . . . . . . . . . . . . . . . . . . . . . . 230 BIBLIOGRAPHY. . . . . . . . . . . . . . . . . . . . . . . 237 ACKNOWLEDGMENTS. . . . . . . . . . . . . . . . . . 238 CREDITS. . . . . . . . . . . . . . . . . . . . . . . . . . 239 commercial art created for Latin music is being docu- Foreword mented for its visual as well as sociological contribution to our music and culture. Pablo covers a lot of ground in IZZY SANABRIA this book both before and after my heyday, as well as the work of Brazilian artists. Just as the great works of One evening about a year ago I received a phone call art reflect social, religious, and political views at diff- from a young graphic designer and DJ named Pablo ent periods of history, these covers reflect fifty years of Yglesias, who told me he was working on a history of Latin cultural history through the lens of our music. The Latin music album covers and that I was to be a big covers created in New York during the 1960s and part of the book. I was flattered, but I’d heard it all 1970s, for example, helped define Nuyorican culture before. I thought to myself, “Just another well-meaning before it came to the attention of television, film, and fan with big ideas. ” But Pablo was so enthusiastic and print media. This book should not only be pleasing to persistent that I agreed to meet him in person. 
650 0 |a Architecture. 
650 0 |a Graphic design. 
650 1 4 |a Architecture / Design. 
650 2 4 |a Graphic Design. 
710 2 |a SpringerLink (Online service) 
773 0 |t Springer eBooks 
776 0 8 |i Printed edition:  |z 9781568984605 
856 4 0 |u http://dx.doi.org/10.1007/1-56898-634-3  |z Full Text via HEAL-Link 
912 |a ZDB-2-ADE 
950 |a Architecture and Design (Springer-11641)